Elenca la formazione - Quiz n°87 - Statistics

Statistiche generali
  • Questo quiz è stato fatto 83 volte
  • Il punteggio medio è 9 su 11
Statistiche sulle risposte
Ruolo Nazione Calciatore % Corretto
Portiere Germania Manuel Neuer
99%
Attaccante Polonia Robert Lewandowski
97%
Difensore Canada Alphonso Davies
93%
Ala Germania Serge Gnabry
90%
Ala Germania Leroy Sané
89%
Centrocampista Austria David Alaba
85%
Centrocampista Germania Joshua Kimmich
85%
Trequartista Francia Kingsley Coman
82%
Difensore Francia Benjamin Pavard
80%
Difensore Francia Lucas Hernández
76%
Difensore Germania Niklas Süle
65%
Nessun quiz corrispondente trovato
Distribuzione punteggi
Percentuale di utenti per punteggio
Percentile per numero di risposta
I tuoi punteggi nel tempo
Non hai fatto questo quiz